• 首页
  • 本馆介绍
  • 公告通知
  • 最新文献
  • 馆藏检索
  • 电子资源
  • 读者导购
  • 参考咨询
  • 我的图书馆
  • 登录
  • 详细信息显示
  • 放入我的书架
  • 预约/预借图书
  • 作者相关作品
  • 分类相关作品
  • 丛书相关作品
  • 出版社相关作品

书目信息

  • 表格格式
  • 工作单格式
  • 卡片格式
题名:
泸州顺庆起义
    
 
作者: 陈石平 编著
分册:  
出版信息: 北京   人民出版社  1982
页数: 147页
开本: 19cm
丛书名:
单 册:
中图分类: K262.34
科图分类:
主题词: 中国--历史 , 第一次国内革命战争--史料
电子资源:
ISBN:
000 00648nam0 2200241 45
001 0182000622
005 20060722084158.70
010    @dCNY0.41
091    @a11001.515
100    @a19950515d1982 em y0chiy0121 ea
101 0  @achi
102    @aCN@b110000
105    @af z 000yy
200 10 @a泸州顺庆起义@Alu zhou shun qing qi yi@f陈石平编著
210    @a北京@c人民出版社@d1982
215    @a147页@c照片@d19cm
606 0  @a中国@x历史
606    @a第一次国内革命战争@x史料
690    @aK262.34
701  0 @a陈石平@Achen shi ping@4编著
801  2 @aCN@bNLC@c20060722
801  0 @aCN@b上海图书馆@c20040518
905    @f1@b175061@dK262.34@e22
    
    泸州顺庆起义/陈石平编著.-北京:人民出版社,1982
    147页:照片;19cm
    
    
    ISBN :CNY0.41
    
●
相关链接 在E读中查询图书 在五车中查询图书 在当当中查询图书 在豆瓣中查询图书


正题名:泸州顺庆起义     索取号:K262.34/22         预约/预借

序号 登录号 条形码 馆藏地/架位号 状态 备注
1 0175061   000353628   第二借阅区/ [索取号:K262.34/22] 在馆    
2 0175062   000353637   第二样本阅览室/ [索取号:K262.34/22] 在馆    
3 0435452   204354527   密集书库/ [索取号:K262.34/22] 在馆    
4 0435453   204354536   密集书库/ [索取号:K262.34/22] 在馆    
欢迎您!
大连网信软件有限公司© 版权所有